000 00326nam a2200133Ia 4500
008 220216s9999 xx 000 0 und d
100 _aGeorge C M
245 0 _aAre radial tyres a threat to NR industry ?
260 _bRubber Asia
_c1997
300 _a19-20
650 _aNR industry
650 _aRadial tyres
942 _cJS
999 _c54479
_d54479